LAUTECH

Introduction to Quantum Statistical Mechanism (Record no. 41574)

MARC details
000 -LEADER
fixed length control field 00598nam a2200193 4500
008 - FIXED-LENGTH DATA ELEMENTS--GENERAL INFORMATION
fixed length control field 260630b |||||||| |||| 00| 0 eng d
020 ## - INTERNATIONAL STANDARD BOOK NUMBER
ISBN 9971950316
100 ## - MAIN ENTRY--AUTHOR
Author Bogolubov N. N
245 ## - TITLE STATEMENT
Title Introduction to Quantum Statistical Mechanism
Statement of responsibility, etc /N.N Bogolubov and N.N. Bogolubov, jr.
260 ## - PUBLICATION, DISTRIBUTION, ETC. (IMPRINT)
Place of publication Hackensack
Name of publisher World Scientific Publishing
Date of publication 1982
300 ## - PHYSICAL DESCRIPTION
Pagination viii, 299p.
Other physical details illus.
500 ## - GENERAL NOTE
General note it includes index
650 ## - SUBJECT ADDED ENTRY--TOPICAL TERM
Topical term Quantum Statistics
650 ## - SUBJECT ADDED ENTRY--TOPICAL TERM
Topical term Statistical mechanisms
650 ## - SUBJECT ADDED ENTRY--TOPICAL TERM
Topical term Quantum theory
700 ## - ADDITIONAL AUTHOR
Additional Author N.N. Bogolubov, jr.
942 ## - ADDED ENTRY ELEMENTS (KOHA)
Item type Books
Holdings
Source of classification or shelving scheme Not for loan Collection code Home library Current library Shelving location Date acquired Mode of acquisition Full call number Accen. No. Copy number Koha item type
Library of Congress Classification   Non-fiction OLUSEGUN OKE LIBRARY LAUTECH OLUSEGUN OKE LIBRARY LAUTECH Olusegun Oke Library East Reading Room 30/06/2026 Gift QC 174.85. B64 2009 0047682 1 Books